000 00455nam a2200181Ia 4500
005 20250603145616.0
008 250603s9999 xx 000 0 und d
020 _a9780393975871
050 _aBF 121 .G39/
100 _aGazzaniga, Michael S.
245 0 _aPsychological science: mind, brain, and behavior
260 _aNew York
260 _bW. W. Norton & Company, Inc
260 _c2003
300 _a589 p
650 _aNew York
942 _cBK
999 _c42336
_d42336